00247nam a2200097Ia 4500008004100000082001500041100001700056245004300073260001800116600001500134241002s9999 xx 000 0 und d a808.83 TOL aTolstoy, Leo 0aMaster and man other parbles and tales aLondon:c1949 aLiterature